00928nam a22002297a 4500999001700000003000900017008004100026040007100067082001600138100001800154245003100172260004200203300003000245505018800275650002000463650002000483650001800503700004400521942001600565945002100581952009600602 c18023d18023AR-CdUCM190511b ||||| |||| 00| 0 spa d aMUNICIPALIDAD PROVINCIAL DEL CUSCOcBIBLIOTECA MUNICIPAL DEL CUSCO a330 /bSO72 aSoule, George aAprende VD. a economizar / aBuenos Aires :bPlaza & Janes,c1963. a154 páginas ;c18.5 cm. aContenido: Economía significa administración de la casa -- Trueque, compra y venta -- ¿Que es el dinero? -- Mas cosas en menos tiempo -- Ingreso y gasto -- Maneras de ahorrar ... aEconomía9382 aEl hogar935146 aNegocios9825 aBarberá, Manuel (traducción)927355 2ddccLIBROS aachld2019-05-11 002ddc4070aSHbSHcCARTd2019-05-11g30.00o330 / SO72pSH0000013038r2019-05-11yLIBROS